00806nam a22001937a 450000500170000000800410001702000150005804000070007304100120008008200220009210000280011424500510014226000330019330000260022652002840025265000120053665000340054870000300058220221222142251.0221222b ||||| |||| 00| 0 eng d a9644380622 cAL aEnglish 223a297.462bAMIA aAyatollah Ibrahim Amini aAl Imam Al Mahdi : the just leader of humanity bAnsariyan Publicationsc2003 a350 p.bPBc21x13 cm. aThis is an exposition of the pre-birth states of Imam Al-Mahdi, and the Quranic foretelling and the Prophet and the Imams in this regard. It also studies the long life of Al-Mahdi before it moves to mentioning the narratives of his future advent and revolution in evidenced form. aMahdism aMuhammad Ibn Hasan Imam 12th  aAMINI (Ayatullah Ibrahim)